| 000 | 00618nam a2200193 a 4500 | ||
|---|---|---|---|
| 001 | 825 | ||
| 003 | CDMR | ||
| 005 | 20131029103349.0 | ||
| 008 | 130130s2001||||||||||||||||||||||||||||d | ||
| 020 | _a849303844X | ||
| 040 |
_aCDMR _bcat _cCDMR |
||
| 100 | 1 |
_aCosta i Fernández, Lluís _9647 |
|
| 245 | 1 | 3 |
_aEl Autonomista _b: el diari dels Rahola : els orígens del periodisme modern a Girona : 1898-1939 _cLluís Costa |
| 260 |
_aGirona _c2000 _bCol·legi de Periodistes de Catalunya. Demarcació de Girona |
||
| 300 | _a243 p. | ||
| 490 | 0 |
_aPapers de comunicació _v1 |
|
| 650 | 0 | 4 |
_93553 _aPremsa _zGirona |
| 942 |
_cMON _2ddc |
||
| 999 |
_c825 _d825 |
||